000 00217 a2200097 4500
001 33570
100 _aJain,N.C
245 _aTextbook of Marketing Management
260 _aDelhi
_bAITBS Pub
_c
090 _c22342
_d22342
942 _aNUST-CAE
_cM
_c13717
999 _c268643
_d268643